| 000 | 00442cam a2200181ua 4500 | ||
|---|---|---|---|
| 020 | _c17.50 | ||
| 041 |
_aeng _h |
||
| 082 |
_a658.542 _bBAR/MO |
||
| 100 | _aBarnes, Ralph M. . | ||
| 245 |
_aMotion and time study / _cRalph m. Barnes. _hTextual Documents |
||
| 250 |
_a4 / _b. |
||
| 260 |
_aMumbai : _bAsia Publishing House , _c1962. |
||
| 300 | _a665 ; . | ||
| 365 | _a17.50 | ||
| 504 | _a | ||
| 942 | _cBK | ||
| 999 |
_c2840 _d2840 |
||